000
00324nam a2200121Ia 4500
008
240624s9999 xx 000 0 und d
041
_a
eng
082
_a
658.5 BHA
100
_a
BHATTACHARYYA DIPAK KUMAR
245
_a
PRODUCTION AND OPERATION MANAGEMENT
260
_c
2000
_a
Delhi
_b
Excel Books
300
_a
v, : 146 : p. : cm. ; 24
999
_c
33
_d
33